Strategic management : (Record no. 1918)
[ view plain ]
| 000 -LEADER | |
|---|---|
| fixed length control field | 00762cam a22002412 4500 |
| 001 - CONTROL NUMBER | |
| control field | 0000001658 |
| 005 - DATE AND TIME OF LATEST TRANSACTION | |
| control field | 20151217145725.0 |
| 008 - FIXED-LENGTH DATA ELEMENTS--GENERAL INFORMATION | |
| fixed length control field | 070321s xx 000 0 eng d |
| 020 ## - INTERNATIONAL STANDARD BOOK NUMBER | |
| International Standard Book Number | 0256141207 : |
| Terms of availability | KES 2,278 |
| 040 ## - CATALOGING SOURCE | |
| Original cataloging agency | KABU |
| Transcribing agency | KABU |
| 050 #0 - LIBRARY OF CONGRESS CALL NUMBER | |
| Classification number | HD30.28 |
| Item number | .C42 1993 |
| 100 1# - MAIN ENTRY--PERSONAL NAME | |
| Personal name | Certo, Samuel C. |
| -- | 0000150697 |
| 245 10 - TITLE STATEMENT | |
| Title | Strategic management : |
| Remainder of title | a focus on process / |
| Statement of responsibility, etc. | Samuel C. Certo, J. Paul. |
| 250 ## - EDITION STATEMENT | |
| Edition statement | 2nd ed. |
| 260 ## - PUBLICATION, DISTRIBUTION, ETC. (IMPRINT) | |
| Place of publication, distribution, etc. | Burr Ridge, IIIinois : |
| Name of publisher, distributor, etc. | Irwin, |
| Date of publication, distribution, etc. | 1993. |
| 300 ## - PHYSICAL DESCRIPTION | |
| Extent | xxv, 372 p. |
| 650 #0 - SUBJECT ADDED ENTRY--TOPICAL TERM | |
| Topical term or geographic name as entry element | Strategic planning. |
| -- | 0000150576 |
| 700 1# - ADDED ENTRY--PERSONAL NAME | |
| Personal name | Peter, J. Paul. |
| -- | 0000151417 |
| 908 ## - PUT COMMAND PARAMETER (RLIN) | |
| Put command parameter | 070321 |
| 950 ## - LOCAL HOLDINGS (RLIN) | |
| -- | 1 |
| Withdrawn status | Lost status | Source of classification or shelving scheme | Not for loan | Home library | Current library | Date acquired | Total Checkouts | Full call number | Barcode | Date last seen | Date last checked out | Price effective from | Koha item type |
|---|---|---|---|---|---|---|---|---|---|---|---|---|---|
| Library of Congress Classification | Kabarak, Main Campus | Kabarak, Main Campus | 17/12/2015 | 2 | HD30.28 .C42 1993 | 002552 | 02/08/2024 | 25/05/2016 | 17/12/2015 | General Collection | |||
| Library of Congress Classification | Kabarak, Main Campus | Kabarak, Main Campus | 17/12/2015 | 1 | HD30.28 .C42 1993 | 002553 | 02/08/2024 | 11/08/2018 | 17/12/2015 | General Collection | |||
| Library of Congress Classification | Kabarak, Main Campus | Kabarak, Main Campus | 17/12/2015 | 1 | HD30.28 .C42 1993 | 002551 | 02/08/2024 | 11/12/2017 | 17/12/2015 | General Collection | |||
| Library of Congress Classification | Kabarak, Main Campus | Kabarak, Nakuru City Campus | 17/12/2015 | 3 | HD30.28 .C42 1993 | 003044 | 20/06/2022 | 31/05/2022 | 17/12/2015 | General Collection |